Nuovomondo /

Đã lưu trong:
Chi tiết về thư mục
Tác giả chính: Castrignanò, Antonio (Nhà soạn nhạc)
Tác giả khác: Amato, Vincenzo, (1966- ) (Diễn viên), Godard, Agnès (Nhiếp ảnh gia), Schiavelli, Vincent (Diễn viên), Conti, Carlos, Monthieux, Maryline (Biên tập phim), Tofano, Mariano, Gainsbourg, Charlotte (Diễn viên), Crialese, Emanuele (Giám đốc, Người viết kịch bản)
Định dạng: Slide
Ngôn ngữ:Tiếng Italy
Được phát hành: [Roma] : 01 Distribution [distributore], p2007
Các nhãn: Thêm thẻ
Không có thẻ, Là người đầu tiên thẻ bản ghi này!

MARC

LEADER 00000ngm a22000007i 4500
001 IT\ICCU\RAV\1529368
003 ItRI
005 20260124182858.0
008 070315s2007 it |||||||||||||||k|||||c
024 3 1 |a 8032807016573 
028 4 2 |a 01657 
040 |b ita 
041 7 |a ita  |2 ISO-639-2 
082 |a 791.43  |9 CINEMA  |2 19 
130 0 |a Nuovomondo <film ; 2006>  |3 IT\ICCU\RAV\1529379 
245 0 0 |a Nuovomondo /  |c un film di Emanuele Crialese ; sceneggiatura di Emanuele Crialese ; musica di Antonio Castrignanò ; fotografia di Agnes Godard ; costumi di Mariano Tofano ; scenografia di Carlos Conti ; montaggio di Maryline Monthieux. 
246 1 3 |a Nuovo mondo  |9 IT\ICCU\UBO\3202031 
260 |a [Roma] :  |b 01 Distribution [distributore],  |c p2007 
300 |a 1 DVD (DVD 9) :  |b sonoro (Dolby digital 5.1), color 
500 |a Codice area: 2; sistema e formato video: PAL, panoramico 2.35:1, anamorfico 16/9 
500 |a Tit. del contenitore 
500 |a Film del 2006, Italia, durata 114 min.; interpreti: Charlotte Gainsbourg, Vincenzo Amato, Vincent Schiavelli 
500 |a Lingue: italiano; sottotitoli: italiano per non udenti. 
700 1 |a Amato, Vincenzo,  |d  (1966- )  |0 IT\ICCU\LO1V\168850  |4 act 
700 1 |a Godard, Agnès  |0 IT\ICCU\LO1V\301301  |4 pht 
700 1 |a Schiavelli, Vincent  |0 IT\ICCU\RAVV\363717  |4 act 
700 1 |a Conti, Carlos  |0 IT\ICCU\RAVV\464397 
700 1 |a Monthieux, Maryline  |0 IT\ICCU\RAVV\467750  |4 flm 
700 1 |a Tofano, Mariano  |0 IT\ICCU\RAVV\505455 
700 1 |a Castrignanò, Antonio  |0 IT\ICCU\UBOV\063814  |4 cmp 
700 1 |a Gainsbourg, Charlotte  |0 IT\ICCU\UBOV\481259  |4 act 
700 1 |a Crialese, Emanuele  |0 IT\ICCU\USMV\619292  |4 drt 
700 1 |a Crialese, Emanuele  |0 IT\ICCU\USMV\619292  |4 sce 
942 |2 ddc  |c VM  |n 0 
952 |0 0  |1 0  |4 0  |6 VO_1725_000000000000000  |7 0  |9 27458  |a BO  |b BO  |d 2026-01-24  |i 13158  |l 0  |o VO 1725  |p BO13158  |r 2026-01-24 18:28:58  |w 2026-01-24  |x [Sebina 5] [1 DVD]  |y VM  |z 1 DVD 
999 |c 23256  |d 23256